[Event "Wch Seniors 50 30th"]
[Site "Assisi"]
[Date "2022.11.22"]
[Round "7"]
[White "Lima, Darcy Gustavo Macha"]
[Black "Holzke, Frank"]
[Result "1/2-1/2"]
[WhiteElo "2415"]
[BlackElo "2476"]
[PlyCount "47"]
[EventDate "2022.11.15"]
[EventType "swiss"]
[EventRounds "11"]
[EventCountry "ITA"]
[SourceTitle "CBM 211 Extra"]
[Source "ChessBase"]
[SourceDate "2023.01.31"]
[SourceVersion "1"]
[SourceVersionDate "2023.01.31"]
[SourceQuality "1"]

1. d4 Nf6 2. c4 e6 3. Nf3 b6 4. g3 Ba6 5. b3 Bb4+ 6. Bd2 Be7 7. Bg2 c6 8. 0-0 d5 9. Bc3 0-0 10. Nbd2 Nbd7 11. Re1 Bb7 12. b4 dxc4 13. Nxc4 Ne4 14. Qc2 Nxc3 15. Qxc3 Nf6 16. Rab1 c5 17. bxc5 Be4 18. Rbd1 Qc7 19. Nfe5 Bxg2 20. Kxg2 bxc5 21. Qf3 Rac8 22. e4 cxd4 23. Rxd4 Rfd8 24. Red1 1/2-1/2

[Event "Wch Seniors 50 30th"]
[Site "Assisi"]
[Date "2022.11.20"]
[Round "6"]
[White "Holzke, Frank"]
[Black "Novik, Maxim"]
[Result "1-0"]
[WhiteElo "2476"]
[BlackElo "2412"]
[PlyCount "105"]
[EventDate "2022.11.15"]
[EventType "swiss"]
[EventRounds "11"]
[EventCountry "ITA"]
[SourceTitle "CBM 211 Extra"]
[Source "ChessBase"]
[SourceDate "2023.01.31"]
[SourceVersion "1"]
[SourceVersionDate "2023.01.31"]
[SourceQuality "1"]

1. d4 Nf6 2. c4 g6 3. Nc3 d5 4. cxd5 Nxd5 5. e4 Nxc3 6. bxc3 c5 7. Bc4 Bg7 8. Ne2 0-0 9. 0-0 Nc6 10. Be3 Na5 11. Bd3 b6 12. h4 e5 13. Bg5 Bf6 14. Qd2 cxd4 15. cxd4 exd4 16. Qf4 Bxg5 17. hxg5 Nb7 18. Rfd1 Nc5 19. Bc4 d3 20. Nc3 Be6 21. Nd5 Bxd5 22. exd5 Qd7 23. Bxd3 Rad8 24. Bc4 Qd6 25. Qxd6 Rxd6 26. Re1 Rfd8 27. Re7 R8d7 28. Re8+ Kg7 29. Rae1 Rd8 30. R8e7 R8d7 31. R7e3 Rd8 32. a3 h6 33. gxh6+ Kxh6 34. f4 Kg7 35. Kf2 a6 36. Kf3 R8d7 37. g4 b5 38. Ba2 f5 39. gxf5 gxf5 40. Re5 Kf6 41. Rh1 Ne4 42. Rh5 Nc3 43. Bb3 a5 44. Ke3 a4 45. Kd4 Nb1 46. Bc2 Nxa3 47. Bxf5 Rd8 48. Be6 Ra6 49. Kc5 Rxe6 50. Rxe6+ Kg7 51. f5 Rc8+ 52. Rc6 Rg8 53. Rg5+ 1-0

[Event "EU-ch 14th"]
[Site "Legnica"]
[Date "2013.05.15"]
[Round "10"]
[White "Holzke, Frank"]
[Black "Tomazini, Zan"]
[Result "1-0"]
[WhiteElo "2499"]
[BlackElo "2370"]
[PlyCount "50"]
[EventDate "2013.05.05"]
[EventType "swiss"]
[EventRounds "11"]
[EventCountry "POL"]
[SourceTitle "CBM 155"]
[Source "ChessBase"]
[SourceDate "2013.07.16"]
[SourceVersion "1"]
[SourceVersionDate "2013.07.16"]
[SourceQuality "1"]

1. d4 Nf6 2. Nf3 g6 3. c4 Bg7 4. Nc3 0-0 5. e4 d6 6. Be2 Na6 7. 0-0 e5 8. Be3 Ng4 9. Bg5 Qe8 10. dxe5 dxe5 11. h3 f6 12. Bd2 Nh6 13. c5 c6 14. Bxa6 bxa6 15. Qa4 Rb8 16. Bxh6 Bxh6 17. Rad1 Rxb2 18. Rd6 f5 19. Rfd1 Kh8 20. exf5 Bxf5 21. Qh4 Kg7 22. Rd8 Qf7 23. g4 Be6 24. g5 Qxf3 25. Qxh6+ Kg8 1-0

[Event "EU-ch 14th"]
[Site "Legnica"]
[Date "2013.05.14"]
[Round "9"]
[White "Kanter, Eduard"]
[Black "Holzke, Frank"]
[Result "1-0"]
[WhiteElo "2418"]
[BlackElo "2499"]
[PlyCount "95"]
[EventDate "2013.05.05"]
[EventType "swiss"]
[EventRounds "11"]
[EventCountry "POL"]
[SourceTitle "CBM 155"]
[Source "ChessBase"]
[SourceDate "2013.07.16"]
[SourceVersion "1"]
[SourceVersionDate "2013.07.16"]
[SourceQuality "1"]

1. d4 d5 2. c4 c6 3. Nf3 Nf6 4. Nc3 dxc4 5. a4 Bf5 6. Nh4 e6 7. Nxf5 exf5 8. Bg5 Nbd7 9. e3 b5 10. Qf3 Bb4 11. Bxf6 Qxf6 12. axb5 0-0 13. bxc6 Nb6 14. g3 Rfe8 15. Bg2 Qxd4 16. 0-0 Qe5 17. Ra6 Bxc3 18. bxc3 g6 19. Qf4 Qxc3 20. c7 Rac8 21. Bb7 Qd3 22. Bxc8 Rxc8 23. Rxa7 Nd5 24. Qd6 Nc3 25. Qc6 Qd5 26. Qxd5 Nxd5 27. Ra5 Nf6 28. Rc5 Ne8 29. Rxc4 Rxc7 30. Rxc7 Nxc7 31. h3 h5 32. Ra1 Kg7 33. Kg2 Kf6 34. Ra5 Ne6 35. f4 Nc7 36. Kf3 Ne6 37. e4 fxe4+ 38. Kxe4 Ng7 39. Ra6+ Ne6 40. Rc6 Kg7 41. Ke5 Nf8 42. Rc7 Nh7 43. f5 Ng5 44. f6+ Kg8 45. Rc8+ Kh7 46. h4 Nf3+ 47. Ke4 Nh2 48. Rf8 1-0

[Event "EU-ch 14th"]
[Site "Legnica"]
[Date "2013.05.13"]
[Round "8"]
[White "Holzke, Frank"]
[Black "Zude, Erik"]
[Result "1/2-1/2"]
[WhiteElo "2499"]
[BlackElo "2382"]
[PlyCount "128"]
[EventDate "2013.05.05"]
[EventType "swiss"]
[EventRounds "11"]
[EventCountry "POL"]
[SourceTitle "CBM 155"]
[Source "ChessBase"]
[SourceDate "2013.07.16"]
[SourceVersion "1"]
[SourceVersionDate "2013.07.16"]
[SourceQuality "1"]

1. d4 Nf6 2. Nf3 g6 3. c4 Bg7 4. Nc3 0-0 5. e4 d6 6. Be2 e5 7. Be3 Ng4 8. Bg5 f6 9. Bh4 g5 10. Bg3 Nh6 11. c5 Nc6 12. h3 f5 13. dxe5 f4 14. Bh2 Nxe5 15. cxd6 cxd6 16. Nd4 Nhf7 17. 0-0 Nc6 18. Nf5 Bxf5 19. exf5 Nfe5 20. Qd5+ Kh8 21. Rad1 Rxf5 22. Bd3 Rf6 23. Bb1 Rh6 24. f3 Qe7 25. Kh1 Rf8 26. a3 g4 27. fxg4 f3 28. Bf5 Qh4 29. Rxf3 Ne7 30. Qxb7 Nxf3 31. Qxf3 Nxf5 32. gxf5 Rhf6 33. Qg4 Qxg4 34. hxg4 Rh6 35. Kg1 Rh4 36. Bxd6 Rd8 37. Bc5 Rxd1+ 38. Nxd1 Rxg4 39. Bxa7 Rf4 40. b4 Rxf5 41. Nf2 Rf4 42. Nd3 Bd4+ 43. Kh2 Rh4+ 44. Kg3 Re4 45. Bxd4+ Rxd4 46. Nf4 Rc4 47. Nd5 Rd4 48. Nf4 Rd2 49. Kf3 Ra2 50. Ke4 Rxa3 51. Kd5 Rb3 52. Kc5 Kg7 53. Nd5 Kf7 54. b5 Rb2 55. b6 Ke6 56. Nf4+ Kd7 57. g4 h6 58. Nd5 Rc2+ 59. Kd4 Rb2 60. Kc5 Rc2+ 61. Kd4 Kc8 62. Ke5 Kb7 63. Kf6 Rc5 64. Ne3 Rg5 1/2-1/2

[Event "Bundesliga 1213"]
[Site "Germany"]
[Date "2013.04.07"]
[Round "15.5"]
[White "Berelowitsch, Alexander"]
[Black "Holzke, Frank"]
[Result "1-0"]
[WhiteElo "2565"]
[BlackElo "2521"]
[PlyCount "71"]
[EventDate "2012.10.20"]
[EventType "team-tourn"]
[EventRounds "15"]
[EventCountry "GER"]
[SourceTitle "CBM 154"]
[Source "ChessBase"]
[SourceDate "2013.05.15"]
[SourceVersion "1"]
[SourceVersionDate "2013.05.15"]
[SourceQuality "1"]
[WhiteTeam "Muelheim"]
[BlackTeam "Wattenscheid"]
[WhiteTeamCountry "GER"]
[BlackTeamCountry "GER"]

1. e4 c5 2. Nf3 d6 3. d4 cxd4 4. Nxd4 Nf6 5. Nc3 a6 6. g3 e5 7. Nb3 Be7 8. Bg2 b5 9. a4 b4 10. Nd5 Nxd5 11. Qxd5 Ra7 12. Be3 Be6 13. Qd3 Rd7 14. 0-0 Qc7 15. Rfc1 0-0 16. c3 bxc3 17. Rxc3 Qb7 18. Na5 Qb4 19. Nc4 Rc7 20. Nb6 Rxc3 21. Qxc3 Qxc3 22. bxc3 Nd7 23. a5 Rb8 24. Bf1 Bd8 25. Rb1 Nc5 26. Bxc5 dxc5 27. Bxa6 g6 28. Rb2 Kg7 29. Kg2 h5 30. Kf3 Bc7 31. Ke3 h4 32. Bc4 hxg3 33. hxg3 Bc8 34. Rb3 Bd8 35. Nxc8 Rxc8 36. a6 1-0

[Event "Bundesliga 1213"]
[Site "Germany"]
[Date "2013.04.06"]
[Round "14.5"]
[White "Holzke, Frank"]
[Black "Kotainy, Jens"]
[Result "0-1"]
[WhiteElo "2521"]
[BlackElo "2413"]
[PlyCount "44"]
[EventDate "2012.10.20"]
[EventType "team-tourn"]
[EventRounds "15"]
[EventCountry "GER"]
[SourceTitle "CBM 154"]
[Source "ChessBase"]
[SourceDate "2013.05.15"]
[SourceVersion "1"]
[SourceVersionDate "2013.05.15"]
[SourceQuality "1"]
[WhiteTeam "Wattenscheid"]
[BlackTeam "Katernberg"]
[WhiteTeamCountry "GER"]
[BlackTeamCountry "GER"]

1. e4 e6 2. d4 d5 3. Nd2 h6 4. Ngf3 Nf6 5. e5 Nfd7 6. Bd3 c5 7. c3 Nc6 8. 0-0 g5 9. dxc5 Bxc5 10. Qe2 g4 11. Nd4 Ncxe5 12. Bb5 Qc7 13. f4 gxf3 14. N2xf3 Ng6 15. Kh1 a6 16. Nxe6 fxe6 17. Qxe6+ Ne7 18. Nd4 Kd8 19. Qf7 Bxd4 20. Bf4 Be5 21. Bxe5 Qxe5 22. Rae1 Qg5 0-1

[Event "London Classic op 4th"]
[Site "London"]
[Date "2012.12.07"]
[Round "7"]
[White "Houska, Jovanka"]
[Black "Holzke, Frank"]
[Result "1-0"]
[WhiteElo "2396"]
[BlackElo "2521"]
[PlyCount "83"]
[EventDate "2012.12.01"]
[EventType "swiss"]
[EventRounds "9"]
[EventCountry "ENG"]
[SourceTitle "CBM 151 Extra"]
[Source "ChessBase"]
[SourceDate "2012.12.18"]
[SourceVersion "1"]
[SourceVersionDate "2012.12.18"]
[SourceQuality "1"]

1. d4 Nf6 2. Nf3 c5 3. d5 b5 4. Bg5 Qb6 5. Bxf6 Qxf6 6. c3 d6 7. e4 a6 8. a4 b4 9. a5 g6 10. Bd3 Nd7 11. 0-0 Bg7 12. Nfd2 Ne5 13. Bc2 0-0 14. f4 Ng4 15. Nc4 bxc3 16. bxc3 e6 17. Qf3 exd5 18. Nb6 d4 19. Nxa8 Ne3 20. Nb6 Nxc2 21. Nd5 Qd8 22. Ra2 Ne3 23. Nxe3 dxe3 24. Qxe3 Be6 25. Rd2 Bc4 26. Rfd1 Qxa5 27. Rxd6 Bb3 28. Re1 Rb8 29. e5 Bf8 30. Nd2 Be6 31. Ne4 Bxd6 32. exd6 Qd8 33. Qxc5 Bf5 34. Ng5 Qb6 35. Qxb6 Rxb6 36. Rd1 Rb8 37. c4 f6 38. Nf3 Rc8 39. c5 Bd7 40. Rc1 Kf7 41. Nd4 Bc6 42. Re1 1-0

[Event "London Classic op 4th"]
[Site "London"]
[Date "2012.12.05"]
[Round "5"]
[White "Marusenko, Petr"]
[Black "Holzke, Frank"]
[Result "0-1"]
[WhiteElo "2197"]
[BlackElo "2521"]
[PlyCount "100"]
[EventDate "2012.12.01"]
[EventType "swiss"]
[EventRounds "9"]
[EventCountry "ENG"]
[SourceTitle "CBM 151 Extra"]
[Source "ChessBase"]
[SourceDate "2012.12.18"]
[SourceVersion "1"]
[SourceVersionDate "2012.12.18"]
[SourceQuality "1"]

1. d4 Nf6 2. c4 g6 3. Nc3 d5 4. Nf3 Bg7 5. cxd5 Nxd5 6. e3 0-0 7. Bc4 Nxc3 8. bxc3 c5 9. 0-0 Qc7 10. Qe2 Nc6 11. Bb2 e5 12. dxe5 Bg4 13. e6 fxe6 14. h3 Bxf3 15. gxf3 Kh8 16. f4 e5 17. fxe5 Nxe5 18. Bd5 c4 19. Be4 Nd3 20. Ba3 Rfe8 21. Qf3 Qa5 22. Bd6 Rad8 23. Bg3 Rf8 24. Qg4 Qxc3 25. Rab1 b6 26. Bc7 Rde8 27. Bd6 Nxf2 28. Rxf2 Rxf2 29. Bf4 Rxf4 30. Qxf4 Qe5 31. Qxe5 Rxe5 32. Rd1 Rxe4 33. Rd8+ Bf8 34. Rxf8+ Kg7 35. Ra8 Rxe3 36. Rxa7+ Kh6 37. Rc7 b5 38. Rc5 Rxh3 39. Rxb5 Ra3 40. Rb2 Kg5 41. Rg2+ Kf4 42. Rc2 c3 43. Kf2 h5 44. Ke2 Ke4 45. Kd1 Kf3 46. Rh2 Kg3 47. Re2 h4 48. Re5 Rxa2 49. Rg5+ Kf4 50. Rxg6 h3 0-1

[Event "London Classic op 4th"]
[Site "London"]
[Date "2012.12.01"]
[Round "1"]
[White "Duncan, Patrick"]
[Black "Holzke, Frank"]
[Result "1/2-1/2"]
[WhiteElo "2071"]
[BlackElo "2521"]
[PlyCount "127"]
[EventDate "2012.12.01"]
[EventType "swiss"]
[EventRounds "9"]
[EventCountry "ENG"]
[SourceTitle "CBM 151 Extra"]
[Source "ChessBase"]
[SourceDate "2012.12.18"]
[SourceVersion "1"]
[SourceVersionDate "2012.12.18"]
[SourceQuality "1"]

1. d4 Nf6 2. Nf3 g6 3. Bg5 Bg7 4. Nbd2 c5 5. Bxf6 Bxf6 6. Ne4 Bxd4 7. Nxd4 cxd4 8. Qxd4 0-0 9. c4 d6 10. Nc3 Nc6 11. Qd2 Be6 12. e4 f5 13. exf5 Rxf5 14. Be2 Ne5 15. b3 Qb6 16. 0-0 Raf8 17. Nd1 Rf4 18. Qe3 Qxe3 19. Nxe3 a5 20. Rad1 Re4 21. Rfe1 Kg7 22. Bf1 Ref4 23. Rd2 b6 24. Red1 g5 25. h3 h6 26. Rc2 Rc8 27. Rcd2 Rf6 28. Nd5 Bxd5 29. Rxd5 Rc5 30. Be2 Rf8 31. R5d2 Ra8 32. g3 a4 33. Kg2 axb3 34. axb3 Ra3 35. Rb2 Rc8 36. f4 gxf4 37. gxf4 Ng6 38. Kg3 Rca8 39. Bd3 Nf8 40. Bf5 Kf6 41. Bg4 R8a4 42. Rc1 Rb4 43. Rc3 Kf7 44. Bh5+ Kg7 45. Bg4 Kf6 46. Rf3 Ra5 47. Rc3 h5 48. Bd1 Ne6 49. Rd3 Ng7 50. Rdd2 Ra3 51. Ra2 Rxa2 52. Rxa2 b5 53. cxb5 Rxb5 54. Ra8 Nf5+ 55. Kf2 h4 56. Rf8+ Kg7 57. Rc8 d5 58. Rd8 Nd6 59. Ke3 Rb4 60. Bc2 Rb7 61. Kd4 Rb4+ 62. Ke3 Rb7 63. Kd4 Rb4+ 64. Ke3 1/2-1/2

[Event "Bundesliga 1213"]
[Site "Germany"]
[Date "2012.10.21"]
[Round "2.7"]
[White "Doeres, Hans Juergen"]
[Black "Holzke, Frank"]
[Result "0-1"]
[WhiteElo "2226"]
[BlackElo "2521"]
[PlyCount "100"]
[EventDate "2012.10.20"]
[EventType "team-tourn"]
[EventRounds "15"]
[EventCountry "GER"]
[SourceTitle "CBM 151"]
[Source "ChessBase"]
[SourceDate "2012.11.13"]
[SourceVersion "1"]
[SourceVersionDate "2012.11.13"]
[SourceQuality "1"]
[WhiteTeam "Forchheim"]
[BlackTeam "Wattenscheid"]
[WhiteTeamCountry "GER"]
[BlackTeamCountry "GER"]

1. g3 d5 2. Bg2 e5 3. c4 d4 4. d3 Nf6 5. Nf3 Nc6 6. 0-0 Be7 7. h3 0-0 8. e3 dxe3 9. Bxe3 Be6 10. Nc3 h6 11. b3 Qc8 12. Kh2 Rd8 13. Qe2 Nd4 14. Bxd4 exd4 15. Ne4 c6 16. Nxf6+ Bxf6 17. b4 a5 18. a3 axb4 19. axb4 Rxa1 20. Rxa1 Bxc4 21. dxc4 d3 22. Qd1 Bxa1 23. Qxa1 d2 24. Qd1 Qf5 25. Kg1 Qe4 26. b5 Qxc4 27. Nxd2 Qa2 28. bxc6 bxc6 29. Bxc6 Qxd2 30. Qxd2 Rxd2 31. h4 g5 32. hxg5 hxg5 33. Bf3 Kg7 34. Kg2 Kf6 35. Bb7 Kf5 36. Bc8+ Ke4 37. Bb7+ Kd4 38. Kf3 Rb2 39. Bc8 f6 40. Bd7 Kd3 41. Be6 Rb4 42. Bd7 Kd2 43. g4 Ke1 44. Kg3 Rb2 45. f3 Kf1 46. Bc6 Rg2+ 47. Kh3 Kf2 48. Bb7 Rg3+ 49. Kh2 Rxf3 50. Bxf3 Kxf3 0-1

[Event "EU-ch 13th"]
[Site "Plovdiv"]
[Date "2012.03.31"]
[Round "11"]
[White "Vajda, Levente"]
[Black "Holzke, Frank"]
[Result "0-1"]
[WhiteElo "2597"]
[BlackElo "2508"]
[PlyCount "112"]
[EventDate "2012.03.20"]
[EventType "swiss"]
[EventRounds "11"]
[EventCountry "BUL"]
[SourceTitle "CBM 148"]
[Source "ChessBase"]
[SourceDate "2012.05.16"]
[SourceVersion "1"]
[SourceVersionDate "2012.05.16"]
[SourceQuality "1"]

1. e4 e5 2. Nf3 Nc6 3. Bc4 Nf6 4. d3 Be7 5. Nc3 d6 6. a3 0-0 7. 0-0 h6 8. h3 Re8 9. d4 exd4 10. Nxd4 Bf8 11. Nxc6 bxc6 12. Qf3 Be6 13. Ba6 Bc8 14. Bd3 Be6 15. Rd1 Nd7 16. Qg3 Kh8 17. Be3 Ne5 18. Be2 Bc4 19. Bd4 Qg5 20. Bg4 Nxg4 21. hxg4 Be6 22. f3 f5 23. exf5 Bxf5 24. Qf2 Bh7 25. Re1 a5 26. Rac1 d5 27. g3 Rxe1+ 28. Rxe1 Qg6 29. Re2 Bd6 30. Qe3 Bxg3 31. f4 Bh4 32. f5 Qg5 33. Qf3 h5 34. Rg2 hxg4 35. Rxg4 Qc1+ 36. Kh2 Bf6 37. Bxf6 gxf6 38. Rh4 Rg8 39. Ne2 Qg5 40. Qh3 Rg7 41. Kh1 Qd2 42. Qf1 Re7 43. Rh2 Qxc2 44. Ng3 Qa4 45. Re2 Qh4+ 46. Kg2 Rg7 47. Qf3 d4 48. Re1 Bg8 49. Kf2 Bd5 50. Qh5+ Qxh5 51. Nxh5 Rg2+ 52. Kf1 Rg5 53. Re8+ Bg8 54. Nf4 Rxf5 55. Re4 c5 56. Ke2 Bf7 0-1

[Event "EU-ch 13th"]
[Site "Plovdiv"]
[Date "2012.03.29"]
[Round "9"]
[White "Zhigalko, Andrey"]
[Black "Holzke, Frank"]
[Result "1-0"]
[WhiteElo "2590"]
[BlackElo "2508"]
[PlyCount "81"]
[EventDate "2012.03.20"]
[EventType "swiss"]
[EventRounds "11"]
[EventCountry "BUL"]
[SourceTitle "CBM 148"]
[Source "ChessBase"]
[SourceDate "2012.05.16"]
[SourceVersion "1"]
[SourceVersionDate "2012.05.16"]
[SourceQuality "1"]

1. e4 e5 2. Nf3 Nc6 3. Bb5 a6 4. Ba4 Nf6 5. 0-0 Nxe4 6. d4 b5 7. Bb3 d5 8. dxe5 Be6 9. Nbd2 Nc5 10. c3 Be7 11. Bc2 d4 12. Nb3 d3 13. Bb1 Nxb3 14. axb3 Bf5 15. Be3 0-0 16. Bd4 Qd5 17. Re1 d2 18. Re2 Bxb1 19. Rxb1 Nxd4 20. Nxd4 Bg5 21. g3 g6 22. f4 c5 23. Nc2 Be7 24. Rxd2 Qxb3 25. Ne3 Qxd1+ 26. Rbxd1 Rfd8 27. Nd5 Kf8 28. g4 Rd7 29. Kf2 Rad8 30. Ke3 a5 31. Ke4 c4 32. f5 Bg5 33. Rd4 Kg7 34. f6+ Kh6 35. Ne7 Rxd4+ 36. Rxd4 Rb8 37. Rd7 b4 38. cxb4 Bxf6 39. exf6 Rxb4 40. h4 c3+ 41. Rd4 1-0

[Event "Bundesliga 1112"]
[Site "Germany"]
[Date "2012.02.26"]
[Round "11.6"]
[White "Zaragatski, Ilja"]
[Black "Holzke, Frank"]
[Result "1/2-1/2"]
[WhiteElo "2474"]
[BlackElo "2506"]
[PlyCount "79"]
[EventDate "2011.10.14"]
[EventType "team-tourn"]
[EventRounds "15"]
[EventCountry "GER"]
[SourceTitle "CBM 148"]
[Source "ChessBase"]
[SourceDate "2012.05.16"]
[SourceVersion "1"]
[SourceVersionDate "2012.05.16"]
[SourceQuality "1"]
[WhiteTeam "Katernberg"]
[BlackTeam "Wattenscheid"]
[WhiteTeamCountry "GER"]
[BlackTeamCountry "GER"]

1. Nf3 c5 2. g3 g6 3. c4 Bg7 4. Bg2 Nc6 5. Nc3 e5 6. a3 Nge7 7. b4 e4 8. Ng5 cxb4 9. axb4 f5 10. c5 d5 11. cxd6 Qxd6 12. b5 Ne5 13. Ba3 Qf6 14. Nh3 0-0 15. 0-0 Be6 16. d4 Nc4 17. Nf4 Bf7 18. e3 Rfc8 19. Bb4 a5 20. bxa6 bxa6 21. Nfe2 a5 22. Bc5 Rcb8 23. Rb1 Rxb1 24. Qxb1 Bf8 25. Qb7 Qa6 26. Qxa6 Rxa6 27. Na4 Nd2 28. Rd1 Bb3 29. Rxd2 Bxa4 30. Bf1 Ra8 31. Nc1 Bc6 32. d5 Nxd5 33. Bc4 Rd8 34. Bb6 Bb4 35. Bxd8 Bxd2 36. Nb3 Bc3 37. Bxa5 Kf8 38. Bxc3 Nxc3 39. Nd4 Bd5 40. Bxd5 1/2-1/2

[Event "Hastings Masters op 87th"]
[Site "Hastings"]
[Date "2012.01.03"]
[Round "7"]
[White "Vovk, Andrey"]
[Black "Holzke, Frank"]
[Result "1-0"]
[WhiteElo "2551"]
[BlackElo "2506"]
[PlyCount "119"]
[EventDate "2011.12.28"]
[EventType "swiss"]
[EventRounds "9"]
[EventCountry "ENG"]
[SourceTitle "CBM 146 Extra"]
[Source "ChessBase"]
[SourceDate "2012.02.29"]
[SourceVersion "1"]
[SourceVersionDate "2012.02.29"]
[SourceQuality "1"]

1. e4 e5 2. Nf3 Nc6 3. Bb5 a6 4. Ba4 Nf6 5. 0-0 Nxe4 6. d4 b5 7. Bb3 d5 8. dxe5 Be6 9. c3 Bc5 10. Qd3 Ne7 11. Be3 0-0 12. Nd4 Bxd4 13. cxd4 c5 14. dxc5 Qc7 15. Rc1 Qxe5 16. f3 Nf6 17. Bd4 Qg5 18. Nc3 Rfd8 19. Ne2 Rac8 20. a4 Nc6 21. axb5 axb5 22. Kh1 Ne4 23. Be3 d4 24. Bxe6 dxe3 25. Qxe4 fxe6 26. Qxe6+ Kh8 27. Ra3 Re8 28. Qd6 Ne5 29. f4 Qg4 30. fxe5 Qxe2 31. Qd4 Qd2 32. Qxe3 Qxb2 33. Re1 Qb4 34. Rc3 Re6 35. h3 h6 36. Qf3 Rcc6 37. Qf8+ Kh7 38. Qf5+ Rg6 39. Ree3 Rxc5 40. Rg3 Rcc6 41. Rcd3 Qe7 42. Rxg6 Rxg6 43. Rd6 Qg5 44. Qe4 h5 45. Rc6 h4 46. e6 Qe7 47. Qf5 Qg5 48. Qe4 Qe7 49. Qf3 Qf6 50. Qe2 Qa1+ 51. Kh2 Qf6 52. Qxb5 Rg5 53. Qd3+ Kh6 54. Qd2 Qe5+ 55. Kh1 Kh7 56. Rc1 Rg3 57. Re1 Qf5 58. e7 Rxh3+ 59. gxh3 Qxh3+ 60. Qh2 1-0

[Event "Hastings Masters op 87th"]
[Site "Hastings"]
[Date "2012.01.02"]
[Round "6"]
[White "Holzke, Frank"]
[Black "Edouard, Romain"]
[Result "1/2-1/2"]
[WhiteElo "2506"]
[BlackElo "2621"]
[PlyCount "36"]
[EventDate "2011.12.28"]
[EventType "swiss"]
[EventRounds "9"]
[EventCountry "ENG"]
[SourceTitle "CBM 146 Extra"]
[Source "ChessBase"]
[SourceDate "2012.02.29"]
[SourceVersion "1"]
[SourceVersionDate "2012.02.29"]
[SourceQuality "1"]

1. c4 c5 2. Nc3 g6 3. g3 Bg7 4. Bg2 Nc6 5. Nf3 e5 6. 0-0 Nge7 7. a3 0-0 8. Ne1 d6 9. Nc2 Be6 10. Ne3 Qd7 11. d3 Bh3 12. Ned5 Bxg2 13. Kxg2 Nxd5 14. cxd5 Ne7 15. e4 f5 16. Qa4 Qxa4 17. Nxa4 Rfc8 18. Nc3 a6 1/2-1/2

[Event "EU-ch 11th"]
[Site "Rijeka"]
[Date "2010.03.15"]
[Round "9"]
[White "Holzke, Frank"]
[Black "Sandalakis, Angelos"]
[Result "1/2-1/2"]
[WhiteElo "2526"]
[BlackElo "2319"]
[PlyCount "48"]
[EventDate "2010.03.06"]
[EventType "swiss"]
[EventRounds "11"]
[EventCountry "CRO"]
[SourceTitle "CBM 136"]
[Source "ChessBase"]
[SourceDate "2010.05.18"]
[SourceVersion "1"]
[SourceVersionDate "2010.05.18"]
[SourceQuality "1"]

1. d4 Nf6 2. Nf3 e6 3. c4 b6 4. Nc3 Bb4 5. Bg5 Bb7 6. e3 c5 7. Be2 0-0 8. 0-0 h6 9. Bh4 Bxc3 10. bxc3 d6 11. Nd2 Nbd7 12. f4 Qc7 13. Bd3 d5 14. Rc1 dxc4 15. Bxc4 Bd5 16. Ba6 Ne4 17. c4 Nxd2 18. Qxd2 Be4 19. Be7 Nb8 20. Bxf8 Nxa6 21. Bxg7 Kxg7 22. d5 Qd6 23. Qc3+ f6 24. dxe6 Qxe6 1/2-1/2